Statistics for Which City in South America?

Click here to take the quiz!

General Stats

  • This quiz has been taken 133 times
  • The average score is 14 of 19

Answer Stats

DescriptionLetterCity% Correct
Capital of PeruLLima
100%
Host of the 2016 Summer OlympicsRRio de Janeiro
100%
Capital cities with the highest elevationQQuito
98%
Most populous city in South AmericaSSão Paulo
95%
Capital cities on the Río de la PlataBBuenos Aires
93%
Capital cities on the Río de la PlataMMontevideo
91%
Capital cities with the highest elevationLLa Paz
90%
City famously shaped like an airplaneBBrasília
87%
Capital cities with the highest elevationSSucre
83%
Birthplace of Simón BolívarCCaracas
79%
Nearest city to the ruins of Machu PicchuCCusco
77%
Major city at the confluence of the Amazon and Rio NegroMManaus
75%
Biggest city in EcuadorGGuayaquil
73%
Capital of French GuianaCCayenne
70%
Closest South American city to AfricaNNatal
56%
Souternmost city in the worldUUshuaia
53%
Capital of the Falkland IslandsSStanley
45%
Peruvian city sharing its name with a dictatorTTrujillo
33%
Launch site of the European Union's rocketsKKourou
13%

Score Distribution

Percentile by Number Answered

Percent of People with Each Score

Your Score History

You have not taken this quiz